La Carreta y los bueyes: márgenes de maniobra

Na minha lista:
Detalhes bibliográficos
Formato: Texto
Assuntos:
Tags: Adicionar Tag
Sem tags, seja o primeiro a adicionar uma tag!

MARC

LEADER 00000 a a2200000 04500
001 7070
003
040
245 |a La Carreta y los bueyes:   |b márgenes de maniobra  
650 |a POLITICA  
650 |a ECONOMIA  
650 |a ESTABILIDAD POLITICA  
650 |a PARTIDOS POLITICOS  
650 |a MODELOS  
650 |a ORGANIZACIONES INTERGUBERNAMENTALES  
650 |a DEUDA  
650 |a GOBIERNO  
773 |g volumen 13, número 146; páginas 3-13  
999 |c 20830  |d 20830